• Humanistas

di Topical Term

Records bibliografici associati: 1

001 - CONTROL NUMBER

  • control field: 56565

003 - CONTROL NUMBER IDENTIFIER

  • control field: IT-RoINE

005 - DATE AND TIME OF LATEST TRANSACTION

  • control field: 20190129071859.0

008 - FIXED-LENGTH DATA ELEMENTS

  • fixed length control field: 190129|| aca||aabn | a|a d

040 ## - CATALOGING SOURCE

  • Original cataloging agency: IT-RoINE
  • Transcribing agency: IT-RoINE

150 ## - HEADING--TOPICAL TERM

  • Topical term or geographic name as entry element: Humanistas
  • General subdivision: Retratos

670 ## - SOURCE DATA FOUND

  • Source citation: Work cat.: (IT-RoINE)0: Arias Montano, Benito, 1527-1598 1072, Virorum doctorum de disciplinis benemerentium effigies XLIIII =, [2005]